| 000 | 00386nam a22001337a 4500 | ||
|---|---|---|---|
| 082 |
_a510.0212 _bMAT |
||
| 245 |
_aMathematical tables _bComprehending Logarithms of all numbers |
||
| 250 | _a7th ed. | ||
| 260 |
_aUnited Provinces _bGovernment Press _c1915 |
||
| 300 |
_aviii 119, : _bill, : _c10 Cm |
||
| 526 |
_a0 _b0 _c0 _d510_021200000000000_MAT |
||
| 650 |
_aMCE _9379 |
||
| 942 |
_2ddc _cBK |
||
| 999 |
_c543557 _d543557 |
||